| 000 | 00440nam a22001577a 4500 | ||
|---|---|---|---|
| 003 | PILC | ||
| 005 | 20150112093446.0 | ||
| 008 | 130227t xxu||||| |||| 00| 0 eng d | ||
| 020 | _a9780877799177 | ||
| 050 |
_aPC 2625 _b.M568 2005 |
||
| 082 |
_aR 413.41 _bM55 2005 |
||
| 245 | _aMerriam-Webster's French-English dictionary / | ||
| 260 |
_a(Springfield, MA :) _bMerriam-Webster, _c2005. |
||
| 300 |
_a803 pages : _c18 cm. |
||
| 942 |
_2lcc _cBK |
||
| 999 |
_c14917 _d14917 |
||